000
00304cam a22001097a 4500
008
180718b-- xxu||||| |||| 00| 0 eng d
082
_a
A42x5451 B
100
_a
Andhra Pradesh. Law Department
245
_a
Andhra Pradesh bills
260
_a
Hyderabad
_b
The author
_c
--
500
_a
Library has 1960, 1962-1968
999
_c
487876
_d
487876